| 000 | 02029nam0a2200421 4500 | ||
|---|---|---|---|
| 001 | RU\NLR\bibl\413464 | ||
| 005 | 20260407104827.0 | ||
| 010 |
_a5-230-18465-5 _9100 |
||
| 021 |
_aRU _b2003-22133 _91031 |
||
| 035 | _a(NLR Aleph) 000407505 | ||
| 090 |
_a614050 _c614050 |
||
| 100 | _a20030616d2002 |||y0rusy50 ca | ||
| 101 | 0 | _arus | |
| 102 | _aRU | ||
| 105 | _aa ||||||||| | ||
| 200 | 1 |
_aПроектирование машиностроительного производства _e[Учеб. пособие] _f[А. А. Кулебякин, Ю.А. Легенкин, В.К. Мясников, В.Т. Синицын] _gМ-во образования Рос. Федерации, Яросл. гос. техн. ун-т |
|
| 210 |
_aЯрославль _cЯГТУ _d2002 |
||
| 215 |
_a171 с. _cил. _d28 |
||
| 320 | _aБиблиогр.: с. 169 (10 назв.) | ||
| 606 | 0 |
_aМашиностроительные заводы _jРуководства, пособия и т.п. для высшей школы _xПроектирование _91190433 _3RU\NLR\auth\66480399 |
|
| 606 | 0 |
_aМашиностроительные заводы _jУчебные издания для высших учебных заведений _xПроектирование _91190433 _3RU\NLR\auth\66480399 |
|
| 610 | 0 | _aМашиностроение - Технологическое проектирование | |
| 675 |
_a621.01(075.8) _v3 _zrus |
||
| 686 |
_a55 _2rugasnti |
||
| 686 |
_a34.4я73 _2rubbk |
||
| 686 | _aК5-4-02я73-1 | ||
| 701 | 1 |
_aКулебякин _bА. А. _4070 |
|
| 701 | 1 |
_aЛегенкин _bЮ. А. _4070 |
|
| 701 | 1 |
_aМясников _bВ. К. _4070 |
|
| 701 | 1 |
_aСиницын _bВ. Т. _4070 |
|
| 712 | 0 | 2 |
_4570 _aЯрославский государственный технический университет _3RU\NLR\AUTH\889935890 _9366641 |
| 801 | 0 |
_aRU _bRKP _c20030616 _gPSBO |
|
| 801 | 1 |
_aRU _bRKP _c20030616 |
|
| 801 | 2 |
_aRU _bNLR _c20030703 _grcr |
|
| 942 | _cBOOK | ||
| 980 | _aNB | ||
| 980 | _aNBR | ||